Apa bakat saya?

Bibliographic Details
Main Authors: Ahmad Naim Jaafar (Author), Saiful Izzuan Hussain (Author)
Format: Book
Published: Batu Caves,Selangor : PTS Publishing House Sendirian Berhad 2023
Subjects:

MARC

LEADER 00000cam a2200000 7i4500
001 0000093327
005 20231211110856.0
008 231210 may
020 |a 9786297564135 (  |q (paperback)) 
040 |e rda 
041 |a Malay 
090 0 0 |a 153.9   |b AHM 
100 0 |a Ahmad Naim Jaafar ,   |e (author) 
245 1 0 |a Apa bakat saya?   |c Ahmad Naim Jaafar 
264 1 |a Batu Caves,Selangor :   |b PTS Publishing House Sendirian Berhad   |c 2023 
300 |a 202 page ;   |c 20 cm. 
336 |a text  |2 rdacontent 
337 |a unmediated  |2 rdamedia 
338 |a volume  |2 rdacarrier 
541 |c Purchased on 2023   |f 00732 NAQ   |h RM23.00 
650 0 |a Ability 
650 0 |a Performance   |x Psychological aspects 
650 0 |a Success 
700 1 |a Saiful Izzuan Hussain ,   |e (author) 
730 0 |a Title 
999 |a 0001747029   |b Book   |c Adult Collection   |e Perbadanan Perpustakaan Awam Johor 
999 |a 0001747240   |b Book   |c Adult Collection   |e Cawangan Urban Transformation Centre 
999 |a 0001747241   |b Book   |c Adult Collection   |e Cawangan AEON Kulaijaya 
999 |a 0001747242   |b Book   |c Adult Collection   |e Cawangan Bandar Penawar 
999 |a 0001747243   |b Book   |c Adult Collection   |e Cawangan Muar 
999 |a 0001747244   |b Book   |c Adult Collection   |e Perbadanan Perpustakaan Awam Johor 
999 |a 0001747245   |b Book   |c Adult Collection   |e Cawangan Batu Pahat 
999 |a 0001747246   |b Book   |c Adult Collection   |e Cawangan Bandar Tenggara 
999 |a 0001747247   |b Book   |c Adult Collection   |e Cawangan Tmn. Ungku Tun Aminah 
999 |a 0001747248   |b Book   |c Adult Collection   |e Cawangan Kota Tinggi 
999 |a 0001747249   |b Book   |c Adult Collection   |e Cawangan Mersing 
999 |a 0001747250   |b Book   |c Adult Collection   |e Cawangan Segamat 
999 |a 0001747251   |b Book   |c Adult Collection   |e Cawangan Tangkak 
999 |a 0001747252   |b Book   |c Adult Collection   |e Cawangan Taman Sri Lambak 
999 |a 0001747253   |b Book   |c Adult Collection   |e Cawangan Bukit Gambir 
999 |a 0001747254   |b Book   |c Adult Collection   |e Cawangan Pontian